000 00477nam a2200193 a 4500
001 1777027203321
003 YourLibrary
005 20260424161207.0
008 260424s1998##################000#0#eng##
020 _a9780415177450
082 0 4 _a345.05044ANC
100 1 _aAncel, Marc,
_eauthor.
245 1 0 _aSocial Defence :
260 _bPsychology Press,
_c1998.
300 _a254 pages
650 0 _aLaw.
942 _cENGLISH
040 _aYourLibrary
_beng
_cYourLibrary
999 _c619839
_d619839